000 00517nam a22001817a 4500
003 NUST
005 20260206143959.0
008 260206b ||||| |||| 00| 0 eng d
020 _a978-1098164560
082 _a005.13
100 _aTaulli, Tom.
_9133101
245 _aAI-Assisted Programming: Better Planning, Coding, Testing, and Deployment /
_cTaulli, Tom.
250 _a1st Edition
260 _bO'Reilly Media,
_c2024.
300 _a222 p ;
_c6.75 x 0.5 x 9 inches
563 _aHardcover
942 _2ddc
_cBK
999 _c616091
_d616091